000 00397nam a2200145Ia 4500
008 240729s9999 xx 000 0 und d
245 0 _aBaltic Worlds
260 _aSweden
260 _bSödertörns University
650 _a Political science (General)
650 _aPolitical science
856 _uhttps://doaj.org/toc/895166e387214f4b86b1fc231e32ecd4
942 _2ddc
942 _cDOAJEJ
999 _c65701
_d65701
945 _a1
_bMadushi Gamage
_c1
_dMadushi Gamage